<?xml version="1.0" encoding="UTF-8"?>
<record
    xmlns:xsi="http://www.w3.org/2001/XMLSchema-instance"
    xsi:schemaLocation="http://www.loc.gov/MARC21/slim http://www.loc.gov/standards/marcxml/schema/MARC21slim.xsd"
    xmlns="http://www.loc.gov/MARC21/slim">

  <leader>01618nam a22003497a 4500</leader>
  <controlfield tag="005">20150630082243.0</controlfield>
  <controlfield tag="008">150627b2006    ck |||||r|||| 00| 0 spa d</controlfield>
  <datafield tag="040" ind1=" " ind2=" ">
    <subfield code="a">CO-BoIAVH</subfield>
    <subfield code="c">CO-BoIAVH</subfield>
  </datafield>
  <datafield tag="041" ind1=" " ind2=" ">
    <subfield code="a">spa</subfield>
  </datafield>
  <datafield tag="044" ind1=" " ind2=" ">
    <subfield code="a">ck</subfield>
  </datafield>
  <datafield tag="090" ind1=" " ind2=" ">
    <subfield code="a">AR</subfield>
    <subfield code="b">01877</subfield>
  </datafield>
  <datafield tag="100" ind1="1" ind2=" ">
    <subfield code="a">Quevedo-Gil, Alonso</subfield>
    <subfield code="9">34975</subfield>
  </datafield>
  <datafield tag="245" ind1="1" ind2="0">
    <subfield code="a">Loros amenazados de la Cordillera Central de los Andes de Colombia : </subfield>
    <subfield code="b">una iniciativa de conservaci&#xF3;n basada en la investigaci&#xF3;n y la educaci&#xF3;n ambiental / </subfield>
    <subfield code="c">Alonso Quevedo ... [et al].</subfield>
  </datafield>
  <datafield tag="260" ind1=" " ind2=" ">
    <subfield code="a">Bogot&#xE1;:</subfield>
    <subfield code="b">Fundaci&#xF3;n Proaves,</subfield>
    <subfield code="c">2006.</subfield>
  </datafield>
  <datafield tag="300" ind1=" " ind2=" ">
    <subfield code="a">A&#xF1;o 2006, Nro 1, Octubre, Pag. 21-57.</subfield>
  </datafield>
  <datafield tag="520" ind1=" " ind2=" ">
    <subfield code="a">Comprometidos con la necesidad de responder a la situaci&#xF3;n actual de amenaza que enfrentan las poblaciones de loros en Colombia, se implement&#xF3; una iniciativa de conservaci&#xF3;n con acciones dirigidas a minimizar y asegurar poblaciones viables de estas especies dentro de su h&#xE1;bitat.</subfield>
  </datafield>
  <datafield tag="650" ind1="1" ind2=" ">
    <subfield code="a">Loros</subfield>
    <subfield code="z">Cordillera Central de los Andes</subfield>
    <subfield code="z">Colombia</subfield>
    <subfield code="9">35012</subfield>
  </datafield>
  <datafield tag="650" ind1="1" ind2=" ">
    <subfield code="a">Aves amenazadas</subfield>
    <subfield code="z">Cordillera Central de los Andes</subfield>
    <subfield code="z">Colombia</subfield>
    <subfield code="9">35013</subfield>
  </datafield>
  <datafield tag="700" ind1="1" ind2=" ">
    <subfield code="a">Salaman, Paul</subfield>
    <subfield code="9">22621</subfield>
  </datafield>
  <datafield tag="700" ind1="1" ind2=" ">
    <subfield code="a">Mayorqu&#xED;n, Adriana</subfield>
    <subfield code="9">34996</subfield>
  </datafield>
  <datafield tag="700" ind1="1" ind2=" ">
    <subfield code="a">Osorno, Nicolai</subfield>
    <subfield code="9">34997</subfield>
  </datafield>
  <datafield tag="700" ind1="1" ind2=" ">
    <subfield code="a">Valle, Heidy</subfield>
    <subfield code="9">34998</subfield>
  </datafield>
  <datafield tag="700" ind1="1" ind2=" ">
    <subfield code="a">Solarte, Claudia</subfield>
    <subfield code="9">34999</subfield>
  </datafield>
  <datafield tag="700" ind1="1" ind2=" ">
    <subfield code="a">Reinoso, Rosa</subfield>
    <subfield code="9">35000</subfield>
  </datafield>
  <datafield tag="700" ind1="1" ind2=" ">
    <subfield code="a">Sanabria, Jeyson</subfield>
    <subfield code="9">35001</subfield>
  </datafield>
  <datafield tag="700" ind1="1" ind2=" ">
    <subfield code="a">Carant&#xF3;n, Diego</subfield>
    <subfield code="9">35002</subfield>
  </datafield>
  <datafield tag="700" ind1="1" ind2=" ">
    <subfield code="a">D&#xED;az, Ver&#xF3;nica</subfield>
    <subfield code="9">35003</subfield>
  </datafield>
  <datafield tag="700" ind1="1" ind2=" ">
    <subfield code="a">Osorno, Gustavo</subfield>
    <subfield code="9">35004</subfield>
  </datafield>
  <datafield tag="700" ind1="1" ind2=" ">
    <subfield code="a">Verhelst, Juan Carlos</subfield>
    <subfield code="9">4655</subfield>
  </datafield>
  <datafield tag="773" ind1="0" ind2=" ">
    <subfield code="d">Bogot&#xE1; :  Fundaci&#xF3;n ProAves,  2006-</subfield>
    <subfield code="o">038445</subfield>
    <subfield code="t">Revista Conservaci&#xF3;n Colombiana</subfield>
    <subfield code="x">19001592</subfield>
  </datafield>
  <datafield tag="942" ind1=" " ind2=" ">
    <subfield code="2">z</subfield>
    <subfield code="c">ARTICULO</subfield>
  </datafield>
  <datafield tag="999" ind1=" " ind2=" ">
    <subfield code="c">17494</subfield>
    <subfield code="d">17494</subfield>
  </datafield>
  <datafield tag="952" ind1=" " ind2=" ">
    <subfield code="0">0</subfield>
    <subfield code="1">0</subfield>
    <subfield code="2">z</subfield>
    <subfield code="4">0</subfield>
    <subfield code="7">1</subfield>
    <subfield code="8">HEMEROTECA</subfield>
    <subfield code="A">2006</subfield>
    <subfield code="C">1</subfield>
    <subfield code="a">Bogota</subfield>
    <subfield code="b">Bogota</subfield>
    <subfield code="d">2015-06-27</subfield>
    <subfield code="e">Fundaci&#xF3;n Proaves</subfield>
    <subfield code="h">Fuera de circulaci&#xF3;n</subfield>
    <subfield code="l">0</subfield>
    <subfield code="o">AR-01877</subfield>
    <subfield code="p">AUTO_29221</subfield>
    <subfield code="r">2015-06-27 00:00:00</subfield>
    <subfield code="t">Ej. 1</subfield>
    <subfield code="w">2015-06-27</subfield>
    <subfield code="y">ARTICULO</subfield>
  </datafield>
</record>
